Central Library OPAC University of Rajshahi

Personal adjustment : (Record no. 29360)

MARC details
000 -LEADER
fixed length control field 00892nam a22002771 4500
001 - CONTROL NUMBER
control field 29360
003 - CONTROL NUMBER IDENTIFIER
rucl marc code BD-RjUL
005 - DATE AND TIME OF LATEST TRANSACTION
control field 20211209051413.0
008 - FIXED-LENGTH DATA ELEMENTS--GENERAL INFORMATION
fixed length control field 140403s1963 nyua 001 0 eng
035 ## - SYSTEM CONTROL NUMBER
System control number (BD-RjUL)29445
040 ## - CATALOGING SOURCE
Original cataloging agency DLC
Transcribing agency DLC
Modifying agency DLC
-- BD-RjUL
Language of cataloging eng
041 ## - LANGUAGE CODE
Language code of text/sound track or separate title eng
082 00 - DEWEY DECIMAL CLASSIFICATION NUMBER
Classification number 137
Author mark and year JOP 1963
100 1# - MAIN ENTRY--PERSONAL NAME
Personal name Jourard, Sidney M.
9 (RLIN) 3775
245 10 - TITLE STATEMENT
Title Personal adjustment :
Remainder of title an approach through the study of healthy personality /
Statement of responsibility, etc. Sidney M. Jourard.
250 ## - EDITION STATEMENT
Edition statement 2d ed.
260 ## - PUBLICATION, DISTRIBUTION, ETC. (IMPRINT)
Place of publication, distribution, etc. New York :
Name of publisher, distributor, etc. Macmillan,
Date of publication, distribution, etc. c1963.
300 ## - PHYSICAL DESCRIPTION
Pagination xiii, 477 p. :
Illustrations ill. ;
Size 21 cm.
500 ## - GENERAL NOTE
General note Published in 1974 under title: Healthy personality; an approach from the viewpoint of humanistic psychology.
504 ## - BIBLIOGRAPHY, ETC. NOTE
Bibliography, etc Includes index.
650 #0 - SUBJECT ADDED ENTRY--TOPICAL TERM
Topical term or geographic name as entry element Personality.
9 (RLIN) 89543
Topical term or geographic name as entry element Adjustment (Psychology)
9 (RLIN) 3962
942 ## - ADDED ENTRY ELEMENTS (KOHA)
Source of classification or shelving scheme Dewey Decimal Classification
Koha item type Books
Holdings
Lost status Source of classification or shelving scheme Damaged status Not for loan Collection code Permanent Location Current Location Shelving location Date acquired Source of acquisition Total Checkouts Full call number Date last seen Copy number Koha item type Cost, normal purchase price
  Dewey Decimal Classification     Non-fiction Central Library, University of Rajshahi Central Library, University of Rajshahi   24/11/1973 US Govt.   137 JOP 1963 03/04/2014 C-5 Books  
  Dewey Decimal Classification     Non-fiction Central Library, University of Rajshahi Central Library, University of Rajshahi   24/11/1973 USA Gift.   137 JOP 1963 03/04/2014 C-3 Books 0.00
  Dewey Decimal Classification     Non-fiction Central Library, University of Rajshahi Central Library, University of Rajshahi   24/11/1973 USA Gift   137 JOP 1963 03/04/2014 C-4 Books 0.00
  Dewey Decimal Classification     Non-fiction Central Library, University of Rajshahi Central Library, University of Rajshahi   26/01/1965 Zeitlinger   137 JOP 1963 15/11/2016 C-2 Books 50.00
  Dewey Decimal Classification   Not For Loan Non-fiction Central Library, University of Rajshahi Central Library, University of Rajshahi Reading Room 01/07/1964 Zeitlinger   137 JOP 1963 28/03/2017 C-1 Books 50.00